Osteoporosis diagnóstico, prevención, tratamiento (Registro nro. 69808)

Detalles MARC
000 -ENCABEZADO
Número de control [NR] 01084nam a22002777a 4500
005 - FECHA Y HORA DE LA ÚLTIMA TRANSACCIÓN
control field 20240524113536.0
008 - DE LONGITUD FIJA DE DATOS DE ELEMENTOS - INFORMACIÓN GENERAL
Elementos de longitud fija [NR] 130821s2010 sp ao gr spa
020 ## - NUMERO INTERNACIONAL NORMALIZADO PARA LIBROS [R]
Número Internacional Normalizado del libro [NR] 9788478855179
040 ## - FUENTE DE CATALOGACION [NR]
Agencia de catalogación original [NR] Co-BoUCM
Idioma de catalogación [NR] spa
Quien Cataloga David Moreno (modificó)
Quien Clasifica David Moreno (modificó)
041 00 - CODIGO DE IDIOMA [R]
Código de idioma para texto/pista de sonido o título separado [R] Español
060 00 - SIGNATURA TOPOGRAFICA DE LA BIBLIOTECA NACIONAL DE MEDICINA (NLM) [R]
Número clasificador [R] WE 250
100 1# - ASIENTO PRINCIPAL--NOMBRE PERSONAL [NR]
Nombre personal [NR] Bartl, Reiner
ID Autoridad 167501
245 10 - MENCION DE TITULO [NR]
Título [NR] Osteoporosis diagnóstico, prevención, tratamiento
Mención de responsabilidad, etc. [NR] Reiner Bartl y Bertha Frisch ; colaboración de Christoph Bartl ; traducción de Silvia Girimonti Azpiroz
250 ## - MENCION DE EDICION [NR]
Mención de edición [NR] 2a ed.
260 ## - PUBLICACION, DISTRIBUCION, ETC. (PIE DE IMPRENTA) [R]
Lugar de publicación, distribución, etc. [R] Madrid (España)
Nombre del editor, distribuidor, etc. [R] Libros Princeps
Fecha de publicación, distribución, etc. [R] 2010
300 ## - DESCRIPCION FISICA [R]
Extensión [R] x, 323 páginas
Otros detalles físicos [NR] ilustraciones (algunas en color), cuadros, fotografías (algunas en color)
490 #0 - MENCION DE SERIE [R]
Mención de serie [R] Biblioteca aula médica
650 04 - ASIENTO SECUNDARIO DE MATERIA - TERMINO TEMATICO [R]
Término temático o nombre geográfico como elemento de entrada [NR] Enfermedades de los huesos
9 (RLIN) 14329
650 04 - ASIENTO SECUNDARIO DE MATERIA - TERMINO TEMATICO [R]
Término temático o nombre geográfico como elemento de entrada [NR] Ortopedia
9 (RLIN) 26544
650 04 - ASIENTO SECUNDARIO DE MATERIA - TERMINO TEMATICO [R]
Término temático o nombre geográfico como elemento de entrada [NR] Osteoporosis
Subdivisión de forma [R] Diagnostico
9 (RLIN) 20937
700 1# - ASIENTO SECUNDARIO - NOMBRE PERSONAL [R]
Nombre personal [NR] Bartl, Christoph
9 (RLIN) 167502
700 1# - ASIENTO SECUNDARIO - NOMBRE PERSONAL [R]
Nombre personal [NR] Frisch, Bertha
9 (RLIN) 167503
700 1# - ASIENTO SECUNDARIO - NOMBRE PERSONAL [R]
Nombre personal [NR] Girimonti Azpiroz, Silvia
9 (RLIN) 167504
765 ## - ASIENTO DE IDIOMA ORIGINAL [R]
Título [NR] Osteoporosis
942 ## - ELEMENTOS DE ENTRADA AGREGADOS (KOHA)
Tipo de ítem principal el descrito en 300a Libro
Sistema de clasificación NLM
Tema principal Medicina
Edición 2
Clasificación WE 250
Parte restante de la signatura top. B289o
Título oculto en OPAC No
Existencias
Fecha de último préstamo Total préstamos Total Renewals Signatura topográfica Código de barras Última vez visto Volúmen / Fascículo Ejemplar Price effective from Tipo de ítem Perdido Sistema de clasificación Dañado No prestable Tipo de ítem específico Suprimido Ubicación habitual Ubicación actual Localización Fecha de creación Forma de adquisición Costo
11/02/2026 6 1 WE 250 B289o 200020618 06/05/2026 2a. Ed. Ej.1 03/02/2013 Libro   NLM     Libro   Quinta de Mutis Quinta de Mutis 2do piso 30/09/2010 Compra 520000.00